Establishment of a bicycle renting shop in Barangay Sampaloc, Tanay, Rizal (Record no. 17244)

MARC details
000 -LEADER
fixed length control field 03894nam a22002777i 4500
003 - CONTROL NUMBER IDENTIFIER
control field URS
050 14 - LIBRARY OF CONGRESS CALL NUMBER
Classification number HD 30.24
Item number B2902 2019
005 - DATE AND TIME OF LATEST TRANSACTION
control field 20220117151241.0
008 - FIXED-LENGTH DATA ELEMENTS--GENERAL INFORMATION
fixed length control field 190408b ||||| |||| 00| 0 eng d
100 1# - MAIN ENTRY--PERSONAL NAME
Personal name Basa, Arnold Cabutot,
Relator term author
260 ## - PUBLICATION, DISTRIBUTION, ETC.
Date of publication, distribution, etc. 2019
245 10 - TITLE STATEMENT
Title Establishment of a bicycle renting shop in Barangay Sampaloc, Tanay, Rizal
Statement of responsibility, etc. Arnold Cabutotan Basa, Joemarie Timola Buenafe, Jeffrey Yungson Sabangan
300 ## - PHYSICAL DESCRIPTION
Extent xv, 99 leaves :
Other physical details illustrations (some colour) ;
Dimensions 28 cm
336 ## - CONTENT TYPE
Source rdacontent
Content type term text
337 ## - MEDIA TYPE
Source rdamedia
Media type term unmediated
338 ## - CARRIER TYPE
Source rdacarrier
Carrier type term volume
502 ## - DISSERTATION NOTE
Dissertation note Feasibility study
Degree type Bachelor of Science in Business Administration
Name of granting institution University of Rizal System Tanay
Year degree granted 2019
504 ## - BIBLIOGRAPHY, ETC. NOTE
Bibliography, etc. note Includes bibliographical references.
520 ## - SUMMARY, ETC.
Summary, etc. The proponents of this proposal project are Arnold Basa, Joemarie Buenafe, and Jeffrey Sabangan, who will act as Capitalist/Industrialist Partners. The advocates agreed to act as Capitalist/Industrialist Partners with equal capital contribution and percentage of ownership to start and operate the business. To renovate the space provided for the business operation, the advocates will hire two (2) laborers to meet the demand requirements of the business. Before the actual opening of the business, they will initiate a promotional activity to launch the business using poster, tarpaulin, sign board, and fliers to catch the awareness acquire machinery and equipment, buy bikes and its accessories, hire and train workers and register to the government to lawfully start the business. It opens from Tuesday to Sunday from 7 am to 5 pm. Marketing is a human activity that's is involved in making people aware of an company's products. It can also be defined as the process or technique of planning promoting selling and distributing the services or products to meet the needs or wants of the consumers. The target market will be the bike enthusiast and professional bikers. Based on the survey conducted, there is a need of bikes in Barangay Sampaloc, Tanay, Rizal. JAJ Bicycle Renting Shop should be handled cater services truthfully and productivity that will be beneficial to the target market and also for the benefit of the business. Knowledge, combined with planning, preparation, practice and common sense are the keys to having fun, but in the end all of these are useless without proper, safe and reliable equipment and gears. JAJ Bicycle Renting Shop offers high quality products and services to the prospective customers to satisfy their needs and wants and to be their most reliable shop in providing durable yet cheap accessories. The initial capital of the project is PhP636,402.42 and the source of fund will be the capitalization of the partners. Each partner will contribute their share. Financial assumption were made and used as the basis of financial statements. The net income of the business in the first year of operation will be PhP864,098.08 and shall increase in the succeeding years. JAJ Bicycle Renting Shop will provide quality, durable, hygienic and affordable products and services in terms of bike equipment. Conclusion to Feasibility Based from the facts and data presented, and together with projected financial statement and financial ration analysis, the researchers concluded that establishing JAJ Bicycle Renting Shop in Barangay Sampaloc, Tanay, Rizal is feasible. Also, the total investment which amounted to PhP2,200,000.00 is expected to earn an annual profit of PhP1,496,997.60. Thus, the computed cash payback period of 2 years and 10 days feasible.
650 #0 - SUBJECT ADDED ENTRY--TOPICAL TERM
Topical term or geographic name entry element Bicycle industry
650 #0 - SUBJECT ADDED ENTRY--TOPICAL TERM
Topical term or geographic name entry element Feasibility studies
Geographic subdivision Tanay (Rizal, Philippines)
700 1# - ADDED ENTRY--PERSONAL NAME
Personal name Buenafe, Joemarie Timola
Relator term author
700 1# - ADDED ENTRY--PERSONAL NAME
Personal name Sabangan, Jeffrey Yunson
Relator term author
700 ## - ADDED ENTRY--PERSONAL NAME
Personal name Somera, Voltaire C.
Relator term degree supervisor
942 ## - ADDED ENTRY ELEMENTS (KOHA)
Source of classification or shelving scheme Library of Congress Classification
Koha item type Theses and dissertations
Holdings
Withdrawn status Source of classification or shelving scheme Damaged status Not for loan Home library Current library Shelving location Date acquired Total Checkouts Full call number Barcode Date last seen Price effective from Koha item type
  Library of Congress Classification     Tanay College Library Tanay College Library Undergraduate Theses 04/08/2019   HD 30.24 B2902 2019 URSTAN-UGT4411 07/06/2023 04/08/2019 Theses and dissertations

University of Rizal System
Email us at univlibservices@urs.edu.ph

Visit our Website www.urs.edu.ph/library